Missing Word: Movies With Animals (A-Z) Quiz Stats

 Plays Quiz Updated Jan 27, 2018

Challenge
Share
Tweet
Embed
Score 0/26 Timer 04:00
0 Plays Today
Movie Title Missing Word % Correct
(N) The Chronicles of _____: The Lion, the Witch, and the WardrobeNarnia
95.6%
(M) Marley & _____Me
95%
(P) Babe: _____ in the CityPig
93.5%
(K) _____ of the GrizzliesKing
92.8%
(W) Free _____Willy
89.5%
(Z) We Bought a _____Zoo
88.7%
(A) _____ BudAir
84.5%
(J) Mighty _____ YoungJoe
83.3%
(G) _____ in the MistGorillas
80.4%
(Y) Old _____Yeller
80.4%
(F) My _____ FlickaFriend
79.3%
(D) Because of Winn-_____Dixie
78.2%
(B) _____ FreeBorn
76.5%
Movie Title Missing Word % Correct
(L) _____ Come HomeLassie
69.6%
(T) Hachi: A Dog's _____Tale
67.9%
(X) Project _____X
66.4%
(I) The _____ JourneyIncredible
64.3%
(O) _____ Dumbo DropOperation
64.2%
(V) National _____Velvet
61.2%
(C) Beverly Hills _____Chihuahua
55.4%
(Q) _____ KongQueen
53.4%
(E) _____ BelowEight
49.6%
(R) _____ StripesRacing
47.5%
(H) _____ for DogsHotel
45.2%
(S) My Dog _____Skip
40.8%
(U) The _____ DachshundUgly
36.1%

Today's Daily Dose

You're not logged in!

Compare scores with friends on all Sporcle quizzes.
Join for Free
OR
Log In

You Might Also Like...

Show Comments

Extras

Top Quizzes Today


Score Distribution

Your Account Isn't Verified!

In order to create a playlist on Sporcle, you need to verify the email address you used during registration. Go to your Sporcle Settings to finish the process.

Report this User

Report this user for behavior that violates our Community Guidelines.

Details: